Statystyki dla Quiz wiedzy o Włoszech

Kliknij tutaj aby rozwiązać quiz!

Ogólne statystyki

  • Ten quiz został rozwiązany 201 razy
    (175 od ostatniego zresetowania)
  • Średni wynik to 5 z 10

Statystyki odpowiedzi

ZagadnienieOdpowiedź% Poprawnych
Jaka jest stolica Włoch?Rzym
94%
Jaki jest najwyższy szczyt we Włoszech?Mont Blanc de Courmayeur
80%
Z jakimi państwami graniczą Włochy?Austria,Francja,Szwajcaria,Słowenia,San Marino,Watykan
79%
Na jakie jednostki administracyjne są podzielone Włochy? (chodzi tu o polskie województwa)Regiony
78%
Jaka jest najdłuższa rzeka we Włoszech?Pad
65%
Kto jest prezydentem Włoch? (stan na 28.05.2020)Sergio Matarella
36%
Ile ludzi mieszka we Włoszech? (stan na 28.05.2020)60 mln
32%
Kto jest premierem Włoch? (stan na 28.05.2020)Giuseppe Conte
31%
Jaka partia polityczna rządzi we Włoszech? (stan na 28.05.2020)Koalicja Centroprawicowa
27%
Ile ludzi mieszka w stolicy Włoszech? (stan na 28.05.2020)2,9 mln
23%

Rozkład punktacji

Percentyl według liczby udzielonych odpowiedzi

Procent ludzi z każdym wynikiem

Twoja historia wyników

Nie rozwiązałeś tego quizu od ostatniego zresetowania